[Event "Quezon City op"]
[Site "Quezon City"]
[Date "2014.12.07"]
[Round "2"]
[White "Abelgas, Roel"]
[Black "Sarip, Roger"]
[Result "1-0"]
[WhiteElo "2293"]
[BlackElo "2222"]
[PlyCount "61"]
[EventDate "2014.12.06"]
[EventType "swiss"]
[EventRounds "10"]
[EventCountry "PHI"]
[SourceTitle "CBM 163 Extra"]
[Source "ChessBase"]
[SourceDate "2014.12.23"]
[SourceVersion "1"]
[SourceVersionDate "2014.12.23"]
[SourceQuality "1"]

1. d4 c5 2. d5 e5 3. c4 d6 4. e4 f5 5. Nc3 Nf6 6. exf5 Bxf5 7. Nge2 a6 8. Ng3 g6 9. f4 e4 10. Be2 h5 11. Be3 Nbd7 12. Qc2 Qe7 13. 0-0-0 Bg7 14. Rde1 0-0 15. h3 b5 16. Rhg1 Nb6 17. Nxf5 gxf5 18. cxb5 axb5 19. Bxb5 Kh8 20. Rd1 Qf7 21. Qe2 Rfb8 22. Bc6 Ra7 23. b3 Nh7 24. Qc2 Qf6 25. Nb5 Ra5 26. a4 Qg6 27. g4 hxg4 28. hxg4 fxg4 29. f5 Qxf5 30. Nxd6 Qf3 31. Qd2 1-0

[Event "Asia zt 3.3"]
[Site "Tagaytay City"]
[Date "2013.01.26"]
[Round "6"]
[White "Dao, Thien Hai"]
[Black "Sarip, Roger"]
[Result "1-0"]
[WhiteElo "2531"]
[BlackElo "2284"]
[PlyCount "91"]
[EventDate "2013.01.22"]
[EventType "swiss"]
[EventRounds "9"]
[EventCountry "PHI"]
[SourceTitle "CBM 152 Extra"]
[Source "ChessBase"]
[SourceDate "2013.02.25"]
[SourceVersion "1"]
[SourceVersionDate "2013.02.25"]
[SourceQuality "1"]

1. d4 Nf6 2. c4 e5 3. dxe5 Ng4 4. Nf3 Bc5 5. e3 Nc6 6. Be2 Ngxe5 7. Nxe5 Nxe5 8. 0-0 0-0 9. Nc3 d6 10. f4 Nc6 11. a3 a5 12. Bd3 f5 13. Kh1 Be6 14. Bd2 Nb8 15. Qc2 Nc6 16. Rab1 Qd7 17. Nd5 a4 18. Bc3 b5 19. e4 bxc4 20. Bxc4 Ne7 21. Rbe1 Bxd5 22. exd5 Ng6 23. g3 Rae8 24. Qd3 Qf7 25. Re6 Rxe6 26. dxe6 Qe7 27. Qd5 Kh8 28. Qc6 Qd8 29. Qxa4 Ne7 30. Rd1 h6 31. Qd7 Rg8 32. Qxd8 Rxd8 33. b4 Ba7 34. a4 d5 35. Be5 c6 36. b5 Bb6 37. Bf1 c5 38. a5 Bxa5 39. Ra1 Bb6 40. Ra6 Nc8 41. Rxb6 Nxb6 42. Bc7 Rc8 43. Bxb6 c4 44. e7 Kg8 45. Bc7 Kf7 46. b6 1-0

[Event "Manila PSC Cup"]
[Site "Manila"]
[Date "2013.01.19"]
[Round "8"]
[White "Nazario, Marc Christian"]
[Black "Sarip, Roger"]
[Result "0-1"]
[WhiteElo "2087"]
[BlackElo "2284"]
[PlyCount "75"]
[EventDate "2013.01.14"]
[EventType "swiss"]
[EventRounds "9"]
[EventCountry "PHI"]
[SourceTitle "CBM 152 Extra"]
[Source "ChessBase"]
[SourceDate "2013.02.25"]
[SourceVersion "1"]
[SourceVersionDate "2013.02.25"]
[SourceQuality "1"]

1. e4 c5 2. d4 cxd4 3. c3 dxc3 4. Nxc3 Nc6 5. Bc4 a6 6. Nf3 e6 7. 0-0 Nge7 8. Bg5 Qc7 9. Rc1 Ng6 10. Bb3 b5 11. Nd5 Qb8 12. Nd4 exd5 13. Nxc6 dxc6 14. Rxc6 Be7 15. Qxd5 0-0 16. Rxg6 hxg6 17. Bxe7 Be6 18. Qd4 Re8 19. Bxe6 Rxe7 20. Bd5 Qa7 21. Qb4 Rc8 22. Qd6 Kh7 23. g3 a5 24. Qf4 Rcc7 25. Rd1 Re8 26. Qh4+ Kg8 27. Qg5 Qb6 28. h4 Qf6 29. Qxf6 gxf6 30. a4 b4 31. Kg2 Kg7 32. Rd2 Rd8 33. Kf3 f5 34. Re2 Rd6 35. g4 fxe4+ 36. Bxe4 Rc4 37. Re3 Rd2 38. Kg3 0-1